000 00706nam a22002177a 4500
999 _c159691
_d159691
005 20181231125435.0
010 _aENG-124615
020 _a9780199485246
_c395.00
035 _aEN-108147
037 _bDBAD/PUB
082 _aS
100 _aSen, Nabaneeta Dev
245 _aOn a truck alone, to Mc Mahon/
_cby Nabaneeta Dev Sen; translated by Arunava Sinha; ed.by Mini Krishnan
260 _aNew Delhi
_bOxford University Press
_c2018
270 _bNew Delhi
_e110002
_a2/11 Ground Floor, Ansari Road, Daryaganj,
300 _ax,203p.
_c21cm.(pbk)
500 _aIt includes about the author and the translator
700 _a Sinha, Arunava
700 _aMini Krishnan
942 _2ddc
_cEN
_hS
_mSEN